000 00855ngm a22002177a 4500
005 20160928141704.0
008 160921b xxu||||| |||| 00| 0 spa d
020 _a7509768410692
041 _aspa
110 _aWorld Discovery
_920254
245 _aEjercicios para niños
260 _aMéxico
_bWorld Discovery
_c2008
300 _a60 minutos
500 _aEste vídeo es una guía de ejercicios para grupos de niños separados por edades. En el vídeo se realizan ejercicios con toallas, pelotas y cuerdas. Con estos objetos se fomenta la actividad física en los niños poniéndolos a brincar, caminar y correr.
650 _aEJERCICIOS CON TOALLAS
_923411
650 _aEJERCICIOS CON PELOTAS
_923412
650 _aEJERCICIOS CON CUERDAS
_923413
650 _aACTIVIDAD FÍSICA
_915429
650 _aACTIVIDADES CON NIÑOS
_923414
942 _cDVD
999 _c8435
_d8435